000 00275nam a22001217a 4500
003 SGT
082 _a616.0757
_bC17N
100 _aNORTON,MARY E
245 _aCALLEN ULTRASONOGRAPHY IN OBST. AND GYNE.
260 _aINDIA
_bELSEVIER
_c2017
300 _a1252
942 _2ddc
_cBK
999 _c14316
_d14316